Sports Quiz

Random Sports or MLB Quiz

MLB Wins Leaders (1960-2010) Quiz Stats

 Plays Quiz not verified by Sporcle

Challenge
Share
Tweet
Embed
Score 0/300 Timer 20:00
0 Plays Today
Team Pitcher % Correct
Arizona DiamondbacksRandy Johnson
98.1%
Seattle MarinersRandy Johnson
98.1%
Florida MarlinsJosh Johnson
97.9%
Atlanta BravesGreg Maddux
96.7%
Chicago CubsGreg Maddux
96.7%
Atlanta BravesTom Glavine
96.1%
Los Angeles DodgersTommy John
95.4%
New York YankeesTommy John
95.4%
Boston Red SoxRoger Clemens
94.9%
New York YankeesRoger Clemens
94.9%
Atlanta BravesJohn Smoltz
94.9%
Washington NationalsCharlie Lea & Pedro Martinez
93.2%
Boston Red SoxPedro Martinez
92.8%
Baltimore OriolesDennis Martinez
92.8%
Washington NationalsDennis Martinez
92.8%
Los Angeles DodgersRamon Martinez
92.8%
Arizona DiamondbacksCurt Schilling
92.4%
Philadelphia PhilliesCurt Schilling
92.4%
Cincinnati RedsAaron Harang, Joey Jay & Tom Seaver
91.3%
Baltimore OriolesJim Palmer
90.6%
New York MetsTom Seaver
90.4%
Houston AstrosNolan Ryan
88.2%
Los Angeles AngelsNolan Ryan
88.2%
Atlanta BravesPhil Niekro
86.4%
Cleveland IndiansCliff Lee
86.3%
Houston AstrosJoe Niekro
86.3%
Boston Red SoxBill Lee
86.3%
Baltimore OriolesMike Mussina
85.3%
New York YankeesMike Mussina
85.3%
St. Louis CardinalsBob Gibson
84.9%
Detroit TigersJack Morris
84.8%
Philadelphia PhilliesSteve Carlton
84.8%
St. Louis CardinalsSteve Carlton
84.8%
St. Louis CardinalsMatt Morris
84.7%
Washington NationalsLivan Hernandez
84.1%
Seattle MarinersFelix Hernandez
84%
New York YankeesAndy Pettitte
83.9%
Los Angeles DodgersSandy Koufax
83%
Chicago White SoxTommy John
82.4%
Chicago CubsKerry Wood
82.2%
Chicago White SoxWilbur Wood
82.2%
Cleveland IndiansCC Sabathia
82.2%
Toronto Blue JaysRoy Halladay
82%
Detroit TigersJustin Verlander
81.6%
Florida MarlinsKevin Brown
80.6%
Texas RangersKevin Brown
80.3%
San Diego PadresRandy Jones
80%
Chicago CubsFergie Jenkins
79.9%
Texas RangersFergie Jenkins
79.9%
Minnesota TwinsJohan Santana
79.5%
New York MetsDwight Gooden
79.4%
Kansas City RoyalsBret Saberhagen
79.1%
Los Angeles DodgersDon Drysdale
78.3%
Oakland AthleticsBarry Zito
78.2%
Oakland AthleticsTim Hudson
78%
Los Angeles DodgersDon Sutton
78%
Arizona DiamondbacksBrandon Webb
76.8%
Houston AstrosRoy Oswalt
76.5%
New York MetsBobby Jones
75.9%
New York MetsDavid Cone
75.6%
San Francisco GiantsJuan Marichal
75%
Texas RangersKenny Rogers
74.4%
Washington NationalsSteve Rogers
74.4%
St. Louis CardinalsChris Carpenter
74.2%
Seattle MarinersJamie Moyer
74.1%
Florida MarlinsJosh Beckett
73.5%
Oakland AthleticsCatfish Hunter
73.2%
Los Angeles DodgersFernando Valenzuela
73.1%
Boston Red SoxTim Wakefield
72.2%
Minnesota TwinsBert Blyleven
72.2%
Chicago White SoxJack McDowell
71.7%
Oakland AthleticsVida Blue
71.5%
New York YankeesRon Guidry
71.5%
Toronto Blue JaysDave Stieb
71.5%
Cleveland IndiansSam McDowell
71.4%
Oakland AthleticsDave Stewart
71.3%
Minnesota TwinsJim Perry
70.4%
San Francisco GiantsGaylord Perry
70.4%
Florida MarlinsDontrelle Willis
70.3%
Chicago White SoxMark Buehrle
70.2%
Toronto Blue JaysDavid Wells
69.5%
Boston Red SoxLuis Tiant
69.4%
Chicago CubsCarlos Zambrano
69%
Tampa Bay RaysVictor Zambrano
68.9%
Washington NationalsBryn Smith
68.6%
New York YankeesWhitey Ford
68.5%
Tampa Bay RaysDavid Price
68.4%
Oakland AthleticsMark Mulder
68.3%
Los Angeles DodgersOrel Hershiser
66.9%
Atlanta BravesWarren Spahn
66.7%
New York MetsSid Fernandez
65.5%
Colorado RockiesUbaldo Jimenez
65.5%
Tampa Bay RaysJames Shields
65.4%
Boston Red SoxDennis Eckersley
64.9%
Houston AstrosMike Scott
64.3%
Boston Red SoxJosh Beckett & Ray Culp
63.5%
Pittsburgh PiratesDoug Drabek
63.3%
Detroit TigersMickey Lolich
62.6%
Cleveland IndiansBartolo Colon
62.1%
Milwaukee BrewersBen Sheets
62%
Team Pitcher % Correct
Detroit TigersDenny McLain
61.5%
Cincinnati RedsJose Rijo
61.3%
Minnesota TwinsFrank Viola
60.9%
Los Angeles DodgersBob Welch
60.7%
Oakland AthleticsBob Welch
60.7%
Los Angeles AngelsErvin Santana
60.3%
Los Angeles AngelsChuck Finley
60.2%
Detroit TigersFrank Tanana
60.1%
Houston AstrosDon Wilson
60%
San Francisco GiantsVida Blue
59.9%
Arizona DiamondbacksDoug Davis
59.4%
Los Angeles AngelsJohn Lackey
59.3%
Baltimore OriolesMike Cuellar
57.6%
Florida MarlinsA.J. Burnett
56.6%
Cleveland IndiansGaylord Perry
56.5%
Toronto Blue JaysJimmy Key
55.9%
New York MetsJerry Koosman
55.8%
Los Angeles AngelsFrank Tanana
55.7%
Tampa Bay RaysScott Kazmir
55.5%
Houston AstrosJ.R. Richard
55%
Seattle MarinersMark Langston
54.6%
Texas RangersCharlie Hough
54.3%
New York MetsRon Darling
54.2%
Minnesota TwinsJim Kaat
53.5%
Baltimore OriolesMike Flanagan
52.6%
Baltimore OriolesScott Erickson & Mike Boddicker
52.5%
Baltimore OriolesDave McNally
52%
Arizona DiamondbacksDan Haren
52%
Chicago CubsRick Sutcliffe
51.9%
Atlanta BravesKevin Millwood
51.8%
Kansas City RoyalsKevin Appier
51.8%
Chicago White SoxGary Peters
51.1%
San Francisco GiantsJason Schmidt
50.6%
New York MetsAl Leiter
50.6%
San Diego PadresJake Peavy
50.3%
Seattle MarinersFreddy Garcia
50.3%
Cleveland IndiansCharles Nagy
49.9%
Minnesota TwinsBrad Radke
49.6%
Chicago CubsRick Reuschel
48.9%
Milwaukee BrewersTeddy Higuera
48.2%
Los Angeles AngelsMark Langston
46.5%
Toronto Blue JaysPat Hentgen
46.4%
Cleveland IndiansLuis Tiant
46.3%
Cincinnati RedsMario Soto
46.2%
Colorado RockiesAaron Cook
46.2%
New York YankeesMel Stottlemyre
46.1%
Toronto Blue JaysTodd Stottlemyre
46%
Kansas City RoyalsDennis Leonard
45.5%
Chicago White SoxAlex Fernandez
45.4%
Seattle MarinersMatt Young
45.3%
Cincinnati RedsTom Browning
45.2%
St. Louis CardinalsJoaquin Andujar
44.3%
Pittsburgh PiratesJohn Candelaria
44.3%
Colorado RockiesJeff Francis
44.1%
Kansas City RoyalsMark Gubicza
43.9%
Arizona DiamondbacksBrian Anderson
42.2%
Kansas City RoyalsPaul Splittorff
41.2%
Texas RangersDarren Oliver
40.7%
Philadelphia PhilliesJim Bunning
40.4%
Cleveland IndiansTom Candiotti
39.9%
Houston AstrosKen Forsch
39.7%
St. Louis CardinalsBob Forsch
39.7%
Seattle MarinersMike Moore
39.4%
New York YankeesDave Righetti
39.1%
Los Angeles AngelsMike Witt
38.6%
Texas RangersBobby Witt
38.6%
San Diego PadresEric Show
38.2%
Baltimore OriolesScott McGregor
37.5%
Boston Red SoxBill Monbouquette
37.5%
Los Angeles AngelsKirk McCaskill
37.1%
Philadelphia PhilliesJim Lonborg
36.4%
Washington NationalsJavier Vazquez
36.4%
Cincinnati RedsDon Gullett
35.5%
San Diego PadresBruce Hurst
35.1%
Florida MarlinsBrad Penny
35%
St. Louis CardinalsRay Washburn
34.9%
Pittsburgh PiratesDock Ellis
34.8%
Houston AstrosLarry Dierker
34.5%
Florida MarlinsRyan Dempster
34.1%
Chicago White SoxJon Garland
33.8%
Chicago CubsKen Holtzman
33.7%
Oakland AthleticsKen Holtzman
33.7%
Tampa Bay RaysMatt Garza
33.5%
Arizona DiamondbacksAndy Benes
33.2%
San Diego PadresAndy Hawkins
33.1%
New York YankeesMariano Rivera
33.1%
Toronto Blue JaysJuan Guzman
33%
Texas RangersJose Guzman
32.9%
Florida MarlinsCarl Pavano
32.3%
New York MetsJon Matlack
31.9%
Detroit TigersDan Petry
31.8%
Philadelphia PhilliesRick Wise
31.2%
Boston Red SoxBruce Hurst
30.4%
Colorado RockiesJamey Wright
30.1%
Kansas City RoyalsLarry Gura
29.9%
Philadelphia PhilliesBrett Myers
29.7%
Milwaukee BrewersMike Caldwell
29.2%
Pittsburgh PiratesVern Law
28.8%
Chicago CubsSteve Trachsel
28.6%
New York MetsSteve Trachsel
28.6%
Team Pitcher % Correct
Oakland AthleticsBlue Moon Odom
28.4%
Houston AstrosShane Reynolds
28.2%
Colorado RockiesJason Jennings
28.2%
San Diego PadresAndy Benes
28.2%
Los Angeles DodgersBurt Hooton
27.7%
San Francisco GiantsGary Lavelle
27.7%
Tampa Bay RaysAlbie Lopez
27.5%
Pittsburgh PiratesSteve Blass
27.3%
Kansas City RoyalsCharlie Leibrandt
27.3%
Washington NationalsBill Gullickson
27.2%
Cincinnati RedsGary Nolan
27.2%
Cincinnati RedsJim Maloney
26.9%
Atlanta BravesRon Reed
26.6%
Colorado RockiesSteve Reed
26.6%
Los Angeles DodgersClaude Osteen
26.4%
Los Angeles AngelsJarrod Washburn
26%
Toronto Blue JaysJim Clancy
25.9%
Milwaukee BrewersJim Slaton
25.6%
Baltimore OriolesMilt Pappas
25.5%
Florida MarlinsRicky Nolasco
25.5%
Colorado RockiesJorge de la Rosa
24.9%
Cincinnati RedsJack Billingham
24.8%
Seattle MarinersGil Meche
24.5%
Washington NationalsScott Sanderson
24.5%
Arizona DiamondbacksMiguel Batista
24.5%
Pittsburgh PiratesBob Walk
24.4%
Atlanta BravesRick Mahler
24.2%
Chicago White SoxRichard Dotson
24%
Minnesota TwinsKevin Tapani
23.8%
Philadelphia PhilliesRandy Wolf
23.7%
Pittsburgh PiratesBob Friend
23.6%
San Diego PadresAndy Ashby
23.5%
San Diego PadresTrevor Hoffman
23.3%
Los Angeles AngelsClyde Wright
23.1%
Colorado RockiesPedro Astacio
23.1%
San Diego PadresEd Whitson
22.8%
Milwaukee BrewersChris Bosio
22.4%
Kansas City RoyalsSteve Busby
22.3%
Kansas City RoyalsTom Gordon
21.9%
Boston Red SoxBob Stanley
21.8%
Houston AstrosBob Knepper
21.5%
New York YankeesFritz Peterson
20.8%
Pittsburgh PiratesBob Veale
20.6%
San Diego PadresJoey Hamilton
20.5%
Philadelphia PhilliesChris Short
20.3%
Pittsburgh PiratesJim Rooker
20%
Minnesota TwinsCamilo Pascual
19.9%
Pittsburgh PiratesBruce Kison
19.8%
Texas RangersRick Helling
19.2%
San Francisco GiantsMike McCormick
18.9%
Cleveland IndiansJake Westbrook
18.9%
Philadelphia PhilliesDick Ruthven
18.1%
Chicago White SoxJuan Pizarro
17.9%
Detroit TigersMilt Wilcox
17.6%
San Francisco GiantsKirk Rueter
17.5%
Detroit TigersJoe Coleman
17.2%
Texas RangersDanny Darwin
16.6%
Chicago White SoxJoe Horlen
16.1%
Seattle MarinersErik Hanson
16.1%
Milwaukee BrewersMoose Haas
15.9%
St. Louis CardinalsCurt Simmons
15.8%
St. Louis CardinalsBob Tewksbury
15.7%
Chicago CubsBill Hands
15.6%
Milwaukee BrewersCal Eldred
15.5%
Cincinnati RedsFred Norman
14.8%
St. Louis CardinalsRay Sadecki
14.2%
Detroit TigersWalt Terrell
14%
Toronto Blue JaysKelvim Escobar
13.8%
Minnesota TwinsDave Goltz
13.7%
Oakland AthleticsRick Langford
13.7%
Washington NationalsJeff Fassero
13.2%
Milwaukee BrewersBill Wegman
13.1%
Philadelphia PhilliesLarry Christenson
12.8%
Detroit TigersJohn Hiller
12.8%
Arizona DiamondbacksOmar Daal
12.7%
Milwaukee BrewersJaime Navarro
12.7%
Tampa Bay RaysAndy Sonnanstine
12.7%
Cleveland IndiansRick Waits
12.5%
Seattle MarinersJoel Pineiro
12.2%
Atlanta BravesTony Cloninger
11.9%
Colorado RockiesKevin Ritz
11.8%
Baltimore OriolesSteve Barber
11.1%
San Francisco GiantsJim Barr
11.1%
Arizona DiamondbacksArmando Reynoso
10.9%
Cincinnati RedsJim O'Toole
10.9%
San Francisco GiantsJack Sanford
9.6%
Washington NationalsSteve Renko
9.6%
Atlanta BravesPat Jarvis
9.5%
Chicago CubsDick Ellsworth
9.3%
Tampa Bay RaysJeff Niemann
9%
Texas RangersDick Bosman
8.5%
Tampa Bay RaysEsteban Yan
8.5%
Toronto Blue JaysLuis Leal
8.4%
Tampa Bay RaysMark Hendrickson
8.2%
Florida MarlinsPat Rapp
8%
Minnesota TwinsDave Boswell
7.4%
Kansas City RoyalsAl Fitzmorris
7.1%
Milwaukee BrewersBill Travers
6.9%
Colorado RockiesCurt Leskanic
6%
San Francisco GiantsBobby Bolin
5.2%

You're not logged in!

Compare scores with friends on all Sporcle quizzes.
Join for Free
OR
Log In

You Might Also Like...

Show Comments

Extras

Top Quizzes Today


Score Distribution

Your Account Isn't Verified!

In order to create a playlist on Sporcle, you need to verify the email address you used during registration. Go to your Sporcle Settings to finish the process.

Report this User

Report this user for behavior that violates our Community Guidelines.

Details: